| 000 | 00748nam a22002057a 4500 | ||
|---|---|---|---|
| 005 | 20241216153752.0 | ||
| 008 | 231122b ||||| |||| 00| 0 eng d | ||
| 020 | _a9781544305363 | ||
| 082 | _aDC 306.309 M228 2022 | ||
| 100 |
_aMcMichael, Philip. _950161 |
||
| 245 |
_aDevelopment and social change : _ba global perspective / _cPhilip McMichael and Heloise Weber. |
||
| 250 | _a7th edition. | ||
| 260 |
_aCalifornia : _bSage publications, Inc., _c©2022. |
||
| 300 |
_axxvii, 430 pages : _billustrations ; _c23 cm. |
||
| 500 | _aIncludes references and index. | ||
| 650 |
_aEconomic development projects _xHistory. _950164 |
||
| 650 |
_aEconomic development _xHistory. _950165 |
||
| 700 |
_aWeber, Heloise. _eauthor. _950162 |
||
| 942 |
_2ddc _cDC |
||
| 999 |
_c18486 _d18486 |
||